00387nam a2200085Ia 4500008004100000245013900041260000900180300008800189650002400277180130s9999 xx 000 0 und d cPark, Doheum; Bae, Arram; Schich, Maximilian; Park, JuyongaTopology and evolution of the network of western classical music composers c2016 aBook title: Knowledge discovery in databases--Acession number C20553; pages 207-221 aKNOWLEDGE DISCOVERY